| 000 | 00308nam a2200109 4500 | ||
|---|---|---|---|
| 999 |
_c13173 _d13173 |
||
| 008 | 190211b ||||| |||| 00| 0 eng d | ||
| 245 |
_aMost competitive: _bDigos City places 3rd in region 11. |
||
| 260 |
_aDavao City _bSun Star Davao _cc2018 |
||
| 300 | _apage 7. | ||
| 650 | 0 |
_936853 _aAward. |
|
| 942 |
_2ddc _cPER |
||